000
00260nam a2200097Ia 4500
001
645046
005
20250826153616.0
008
250824s9999 xx 000 0 und d
245
0
_a
EV SAHİBESİ ANTİK YENİ
_c
DOSTOYEVSKİ
260
_b
ANTİK DÜNYA KLASİKLERİ
999
_c
645046
_d
645046